Statistics for US State Mottos #1

Click here to take the quiz!

General Stats

  • This quiz has been taken 18 times
  • The average score is 5 of 18

Answer Stats

StateMotto% Correct
Florida
In God {we} {trust}
100%
West Virginia
Montani semper {liberi}
(Mountaineers are always {free})
53%
KentuckyUnited we stand, {divided} {we} {fall}
53%
Montana
Oro y {plata}
(Gold and {silver})
47%
New HampshireLive free {or} {die}
47%
NevadaAll for our {country}
24%
Nebraska{Equality} before the law
24%
California{Eureka!}
24%
Texas{Friendship}
24%
IndianaThe {crossroads} of America
24%
Virginia
Sic {semper} tyrannis
(Thus {always} to tyrants}
18%
PennsylvaniaVirtue, {Liberty,} and Independence
18%
Kansas
Ad astra per {aspera}
(To the stars through {difficulties})
12%
Colorado
Nil sine {numine}
(Nothing without {the} {Deity})
12%
South Dakota{Under} {God} the people rule
12%
Tennessee{Agriculture} and Commerce
6%
New JerseyLiberty and {Prosperity}
6%
IllinoisState sovereignty, {national} {union}
6%

Score Distribution

Percentile by Number Answered

Percent of People with Each Score

Your Score History

You have not taken this quiz